Exhumations : stories, articles, verses /

Bibliographic Details
Main Author: Isherwood, Christopher, 1904-1986 (Author)
Format: Book
Language:English
Published: New York : Simon and Schuster, 1966.
Subjects:

MARC

Tag First Indicator Second Indicator Subfields
LEADER 00000cam a2200000Ii 4500
001 in00000719084
005 20211230121803.0
008 720725s1966 nyu 000 m eng
010 |a  66017601  
035 |a (OCoLC)ocm00365049 
035 |a (OCoLC)00365049 
035 |9 ADC7437AM 
040 |a DLC  |b eng  |c WSU  |d SER  |d OCLCQ  |d OCLCG  |d STF  |d SJL  |d IBS  |d GBVCP  |d OCLCF  |d OCLCQ  |d CCD  |d OCLCO  |d LMR  |d TPA  |d OCLCO  |d OCL  |d OCLCA  |d PAU  |d OCLCQ  |d CSO  |d OCLCQ  |d EYM  |d TXA 
015 |a GB6603987  |2 bnb 
019 |a 1020227244  |a 1080658395 
035 |a (OCoLC)365049  |z (OCoLC)1020227244  |z (OCoLC)1080658395 
050 0 4 |a PR6017.S5  |b E9 1966a 
082 0 4 |a 828.91209 
090 |a PR6017.S5  |b A6 1966 
049 |a TXAM 
100 1 |a Isherwood, Christopher,  |d 1904-1986,  |e author. 
240 1 0 |a Works.  |k Selections 
245 1 0 |a Exhumations :  |b stories, articles, verses /  |c Christopher Isherwood. 
264 1 |a New York :  |b Simon and Schuster,  |c 1966. 
300 |a 254 pages ;  |c 22 cm 
336 |a text  |b txt  |2 rdacontent 
337 |a unmediated  |b n  |2 rdamedia 
338 |a volume  |b nc  |2 rdacarrier 
505 0 0 |g Verses.  |t Mapperley Plains --  |t The common cormorant --  |t On his queerness. 
505 8 0 |g Books.  |t Some notes on Auden's early poetry --  |t T.E. Lawrence by his friends --  |t The grapes of wrath by John Steinbeck --  |t The intimate journals of Charles Baudelaire --  |t Parade's end by Ford Madox Ford --  |t H.G. Wells --  |t R.L.S. --  |t World within world by Stephen Spender --  |t Katherine Mansfield --  |t Dominations and powers /  |r George Santayana --  |t Prison etiquette --  |t Mr. Norris and I by Gerald Hamilton --  |t The speckled band /  |r Arthur Conan Doyle --  |t Foreword to All the conspirators. 
505 8 0 |g Vedanta and the West.  |t Hypothesis and belief --  |t The Gita and war --  |t Vivekananda and Sarah Bernhardt --  |t The problem of the religious novel. 
505 8 0 |g People.  |t The head of a leader --  |t Virginia Woolf --  |t Klaus Mann. 
505 8 0 |g Places.  |t Escales --  |t Coming to London --  |t Los Angeles --  |t The shore. 
505 8 0 |g Stories.  |t Gems of Belgarian architecture --  |t An evening at the bay --  |t The turn round the world --  |t A day in paradise --  |t I am waiting --  |t Take it or leave it --  |t The wishing tree --  |t A visit to Anselm Oakes. 
500 |a The Cushing Library/Women & Gender Studies copy was acquired as part of The Don Kelly Research Collection of Gay Literature and Culture.  |5 TXA 
541 0 |a Donated by Don Kelly  |d 20150505 
655 7 |a Poetry.  |2 fast  |0 (OCoLC)fst01423828 
655 7 |a Poetry.  |2 lcgft 
655 7 |a Short stories.  |2 lcgft 
655 7 |a Publishers' advertisements.  |2 rbgenr 
655 7 |a Autographs (Provenance)  |2 rbprov 
776 0 8 |i Online version:  |a Isherwood, Christopher, 1904-1986.  |t Exhumations.  |d New York, Simon and Schuster [1966]  |w (OCoLC)651665035 
994 |a C0  |b TXA 
948 |a cataloged  |b h  |c 2021/9/3  |d c  |e nbehmer  |f 9:18:30 am 
999 f f |s b2615e50-d4cc-3aaf-9538-419a0379d97e  |i 9133a4a1-a77a-3ff9-b95a-22f1808b63fd  |t 0 
952 f f |p noncirc  |a Texas A&M University  |b J.J. Pickle Campus  |c High Density Repository  |d Remote Storage  |t 0  |e PR6017.S5 A6 1966  |h Library of Congress classification  |i unmediated -- volume  |m A1485326644A 
952 f f |p noncirc  |a Texas A&M University  |b College Station  |c Cushing Memorial Library & Archives  |d Cushing: Women & Gender Studies (Does not check out)  |t 0  |e PR6017.S5 A6 1966  |h Library of Congress classification  |i unmediated -- volume 
998 f f |a PR6017.S5 A6 1966  |t 0  |l Remote Storage 
998 f f |a PR6017.S5 A6 1966  |t 0  |l Cushing: Women & Gender Studies (Does not check out)